000
00332nam a2200121Ia 4500
008
240624s9999 xx 000 0 und d
041
_a
eng
082
_a
338.90954 ROY
100
_a
ROY SUBIR
245
_a
MADE IN INDIA A STUDY OF EMERGING COMPET
260
_c
2005
_a
New Delhi
_b
Tata McGrawhill
300
_a
xiii, : 210 : p. : cm. ; 23
999
_c
5478
_d
5478